[Event "Perth AUS Open"]
[Site "?"]
[Date "2023.01.07"]
[Round "9.10"]
[White "Nguyen Hong Anh"]
[Black "Lakner, Jay"]
[Result "1-0"]
[WhiteElo "1954"]
[BlackElo "2060"]
[PlyCount "68"]
[EventDate "2023.01.??"]
[EventRounds "11"]
[EventCountry "AUS"]
[SourceVersionDate "2023.01.02"]

1. d4 f5 2. g3 g6 3. Bg2 Nf6 4. Nh3 Bg7 5. c3 Nc6 6. Nd2 e5 7. d5 Ne7 8. d6 cxd6 9. Nc4 d5 10. Nxe5 d6 11. Nd3 h6 12. Ng1 Ne4 13. Nf3 g5 14. Be3 Nc6 15. O-O O-O 16. Qb3 Be6 17. Qxb7 Qe8 18. h4 f4 19. Bd4 Rf7 20. Qb5 g4 21. Bxg7 gxf3 22. exf3 Nd2 23. Rfd1 Rxg7 24. Nxf4 Rb8 25. Qe2 Nxf3+ 26. Qxf3 Ne5 27. Qe3 Bg4 28. Nxd5 Qd8 29. Rd4 Rxb2 30. Qxh6 Rg6 31. Qf4 Kg7 32. Be4 Re6 33. Ne3 Bh3 34. Rad1 Rb7 1-0

[Event "Perth AUS Open"]
[Site "?"]
[Date "2023.01.07"]
[Round "9.11"]
[White "Teh Rui Gen"]
[Black "Tan Zhong Kai"]
[Result "1/2-1/2"]
[WhiteElo "2028"]
[BlackElo "1923"]
[PlyCount "82"]
[EventDate "2023.01.??"]
[EventRounds "11"]
[EventCountry "AUS"]
[SourceVersionDate "2023.01.02"]

1. e4 c5 2. Nc3 Nc6 3. f4 g6 4. Nf3 Bg7 5. a4 a6 6. Bc4 e6 7. d3 Nge7 8. O-O O-O 9. Ba2 d5 10. e5 f6 11. exf6 Bxf6 12. Ne2 b5 13. c3 Qb6 14. Be3 Nf5 15. Bf2 b4 16. Rc1 bxc3 17. bxc3 Qa5 18. d4 c4 19. Bb1 Rb8 20. Bc2 Bd7 21. Rb1 Qc7 22. Qc1 Rxb1 23. Qxb1 Rb8 24. Qa2 Na5 25. Rb1 Be7 26. Ne5 Be8 27. g4 Nd6 28. Ng3 Rxb1+ 29. Qxb1 Qb7 30. Qa2 Qb6 31. Be3 Nf7 32. Kg2 Nxe5 33. fxe5 Nb3 34. Ne2 Qa5 35. Bxb3 cxb3 36. Qxb3 Qxa4 37. Qb7 Bf8 38. Nf4 Qc2+ 39. Bf2 Qa4 40. Nxe6 Qc6 41. Qxc6 Bxc6 1/2-1/2

[Event "Perth AUS Open"]
[Site "?"]
[Date "2023.01.07"]
[Round "9.12"]
[White "Baneshi, Kiamehr"]
[Black "Kelly, Adam"]
[Result "1/2-1/2"]
[WhiteElo "1671"]
[BlackElo "2006"]
[PlyCount "35"]
[EventDate "2023.01.??"]
[EventRounds "11"]
[EventCountry "AUS"]
[SourceVersionDate "2023.01.02"]

1. e4 e5 2. Nf3 Nc6 3. Nc3 Nf6 4. d4 exd4 5. Nxd4 Bb4 6. Nxc6 bxc6 7. Bd3 d5 8. exd5 O-O 9. O-O Bg4 10. Be2 Bxe2 11. Nxe2 cxd5 12. Bg5 Bd6 13. Nd4 Be5 14. Re1 Re8 15. Rxe5 Rxe5 16. Nc6 Qd6 17. Nxe5 Qxe5 18. Bxf6 1/2-1/2

[Event "Perth AUS Open"]
[Site "?"]
[Date "2023.01.07"]
[Round "9.13"]
[White "Bassig, Hamish"]
[Black "Norris, Damian"]
[Result "1-0"]
[WhiteElo "1973"]
[BlackElo "1890"]
[PlyCount "69"]
[EventDate "2023.01.??"]
[EventRounds "11"]
[EventCountry "AUS"]
[SourceVersionDate "2023.01.02"]

1. d4 Nf6 2. Nf3 e6 3. Bf4 c5 4. c3 cxd4 5. cxd4 Qa5+ 6. Nbd2 b6 7. e3 Ba6 8. Be2 Be7 9. O-O Bxe2 10. Qxe2 O-O 11. Rfc1 Qa6 12. Qc4 Qb7 13. Ne5 b5 14. Qb3 a5 15. a4 b4 16. Rc2 Rc8 17. Rac1 Rxc2 18. Qxc2 Na6 19. Nb3 Bd8 20. Bg5 Qd5 21. Bxf6 gxf6 22. e4 Qb7 23. Ng4 d6 24. Qc6 Qxc6 25. Rxc6 Be7 26. Nxa5 Kg7 27. b3 Nb8 28. Rc8 Rxa5 29. Rxb8 d5 30. f3 e5 31. Ne3 dxe4 32. Nf5+ Kg6 33. Nxe7+ Kg5 34. fxe4 exd4 35. Nc6 1-0

[Event "Perth AUS Open"]
[Site "?"]
[Date "2023.01.07"]
[Round "9.15"]
[White "Li, Tedric"]
[Black "Kinsman, Craig C"]
[Result "1-0"]
[WhiteElo "1688"]
[BlackElo "1986"]
[PlyCount "78"]
[EventDate "2023.01.??"]
[EventRounds "11"]
[EventCountry "AUS"]
[SourceVersionDate "2023.01.02"]

1. d4 Nf6 2. c4 e6 3. Nc3 Bb4 4. e3 O-O 5. Bd3 d5 6. Nf3 c5 7. O-O Nc6 8. a3 Bxc3 9. bxc3 b6 10. cxd5 exd5 11. a4 c4 12. Bc2 Bg4 13. Ba3 Re8 14. h3 Bh5 15. g4 Bg6 16. Bxg6 hxg6 17. Nd2 Ne4 18. Nxe4 Rxe4 19. Bc1 Qh4 20. Kg2 f5 21. f3 Re6 22. Qe1 Qxe1 23. Rxe1 Rae8 24. Ra2 Na5 25. Rae2 Nb3 26. Ba3 Kf7 27. g5 b5 28. axb5 Rb8 29. e4 fxe4 30. fxe4 Rxe4 31. Rxe4 dxe4 32. Rxe4 Rxb5 33. Re7+ Kg8 34. Rxa7 Rxg5+ 35. Kf3 Rf5+ 36. Kg4 Nd2 37. Re7 Rf2 38. d5 Rg2+ 39. Kf4 g5+ 1-0

[Event "Perth AUS Open"]
[Site "?"]
[Date "2023.01.07"]
[Round "9.17"]
[White "Teh Hui Lam"]
[Black "Novakovic, Velibor"]
[Result "1-0"]
[WhiteElo "1706"]
[BlackElo "1911"]
[PlyCount "111"]
[EventDate "2023.01.??"]
[EventRounds "11"]
[EventCountry "AUS"]
[SourceVersionDate "2023.01.02"]

1. e4 e5 2. Nf3 Nc6 3. d4 exd4 4. Bc4 Be7 5. O-O d6 6. Nxd4 Nf6 7. Nc3 O-O 8. Bf4 Bg4 9. Qd2 Ne5 10. Be2 Bxe2 11. Qxe2 Ng6 12. Bg3 Re8 13. Rfe1 Bf8 14. Qc4 Nh5 15. Nf5 Nxg3 16. Nxg3 Ne5 17. Qb3 Qc8 18. Rad1 c6 19. Nb1 Qe6 20. Nd2 Qxb3 21. Nxb3 Nc4 22. Nd4 g6 23. b3 Nb6 24. c4 Rad8 25. Kf1 Bg7 26. f3 d5 27. exd5 Rxe1+ 28. Kxe1 cxd5 29. c5 Nd7 30. b4 Ne5 31. Nge2 Nc4 32. Kf2 a6 33. g4 Bf6 34. f4 h6 35. Nf3 Nb2 36. Rd2 Nc4 37. Rd3 Nb2 38. Rb3 Re8 39. Nfd4 Bh4+ 40. Kf3 Nc4 41. Rd3 Be1 42. a3 g5 43. h3 gxf4 44. Kg2 Ne5 45. Rd1 Bh4 46. Nxf4 Bg5 47. Nxd5 Nc4 48. Nf5 Re5 49. h4 Bxh4 50. Nxh4 Rxd5 51. Rxd5 Ne3+ 52. Kf3 Nxd5 53. Nf5 b5 54. Ke4 Nc7 55. Ke5 Kh7 56. Kd6 1-0

[Event "Perth AUS Open"]
[Site "?"]
[Date "2023.01.07"]
[Round "9.18"]
[White "Holland, Dennis"]
[Black "Barry, David"]
[Result "1-0"]
[WhiteElo "1899"]
[BlackElo "1647"]
[PlyCount "155"]
[EventDate "2023.01.??"]
[EventRounds "11"]
[EventCountry "AUS"]
[SourceVersionDate "2023.01.02"]

1. d4 Nf6 2. Nf3 d5 3. c4 e6 4. e3 Be7 5. Nbd2 O-O 6. Bd3 dxc4 7. Nxc4 Nbd7 8. Nce5 c5 9. Nxd7 Nxd7 10. Qc2 h6 11. O-O cxd4 12. Nxd4 Nf6 13. Bd2 Qb6 14. Rac1 Bd7 15. Qb3 Qxb3 16. Nxb3 Rac8 17. Bc3 Bc6 18. Bd4 a6 19. Bc5 Bxc5 20. Nxc5 Rfd8 21. Rfd1 Bb5 22. Bxb5 Rxd1+ 23. Rxd1 Rxc5 24. Rd8+ Kh7 25. Bd3+ g6 26. Kf1 Kg7 27. Rd4 Rc7 28. Ke2 Kf8 29. Rc4 Rd7 30. f4 Ke7 31. e4 Ne8 32. e5 Nc7 33. g4 g5 34. f5 exf5 35. gxf5 Nd5 36. Be4 Nf4+ 37. Kf3 Nd3 38. Bxd3 Rxd3+ 39. Ke4 Rd7 40. Rc8 Rd2 41. Rc7+ Ke8 42. Rxb7 Rxh2 43. Rb8+ Kd7 44. Rb7+ Ke8 45. Rb6 Re2+ 46. Kd4 Rd2+ 47. Ke4 Re2+ 48. Kd4 Rd2+ 49. Ke3 Rd5 50. Ke4 Rd2 51. Rxh6 Re2+ 52. Kd4 Rd2+ 53. Ke3 Rxb2 54. Rxa6 Rb1 55. Kf3 Rf1+ 56. Kg4 Rg1+ 57. Kh5 g4 58. Kh4 g3 59. Kh3 g2 60. f6 Re1 61. Kxg2 Rxe5 62. Kf3 Rb5 63. a4 Rb4 64. a5 Kd7 65. Ke3 Ra4 66. Kd3 Ra1 67. Ke4 Re1+ 68. Kf5 Rf1+ 69. Kg5 Rg1+ 70. Kh6 Rg2 71. Rb6 Rg1 72. a6 Ra1 73. Kg7 Ke8 74. Rb8+ Kd7 75. Rb7+ Ke8 76. Re7+ Kd8 77. a7 Ra2 78. Kxf7 1-0

[Event "Perth AUS Open"]
[Site "?"]
[Date "2023.01.07"]
[Round "9.19"]
[White "Young, Micah"]
[Black "Can, Ryan"]
[Result "1-0"]
[WhiteElo "1845"]
[BlackElo "1658"]
[PlyCount "71"]
[EventDate "2023.01.??"]
[EventRounds "11"]
[EventCountry "AUS"]
[SourceVersionDate "2023.01.02"]

1. e4 c5 2. Nf3 e6 3. c3 Nf6 4. e5 Nd5 5. d4 cxd4 6. cxd4 d6 7. Bc4 Nc6 8. O-O Be7 9. Bd2 O-O 10. Nc3 Nxc3 11. Bxc3 dxe5 12. dxe5 b6 13. Bb5 Bb7 14. Qa4 Qc7 15. Qg4 a6 16. Bd3 Rad8 17. Rad1 Rd7 18. Bb1 Rxd1 19. Rxd1 Rd8 20. Rf1 g6 21. h4 Bf8 22. h5 Bg7 23. hxg6 hxg6 24. Qh4 Rd5 25. Ng5 Bxe5 26. Qh7+ Kf8 27. Bxg6 Bh2+ 28. Kh1 Rxg5 29. Qh8+ Ke7 30. Bf6+ Kd6 31. Bxg5 Be5 32. Qf8+ Ne7 33. Bxe7+ Qxe7 34. Qb8+ Qc7 35. Qxc7+ Kxc7 36. Bxf7 1-0

[Event "Perth AUS Open"]
[Site "?"]
[Date "2023.01.07"]
[Round "9.20"]
[White "Janceski, Alex"]
[Black "Weller, Tony"]
[Result "0-1"]
[WhiteElo "1821"]
[BlackElo "1639"]
[PlyCount "120"]
[EventDate "2023.01.??"]
[EventRounds "11"]
[EventCountry "AUS"]
[SourceVersionDate "2023.01.02"]

1. d4 Nf6 2. Nf3 d5 3. g3 Bf5 4. Bg2 Nc6 5. O-O Qd7 6. c3 Bh3 7. Re1 Bxg2 8. Kxg2 e6 9. Nbd2 Bd6 10. Qc2 O-O 11. e4 dxe4 12. Nxe4 Be7 13. Bg5 Nxe4 14. Bxe7 Nxe7 15. Qxe4 Qd5 16. Qe2 Nf5 17. b3 Rad8 18. Rad1 h6 19. Kg1 Rfe8 20. Qe4 c6 21. Qxd5 cxd5 22. Ne5 Rc8 23. Rd3 Rc7 24. Ng4 Rec8 25. Rc1 b5 26. a3 a5 27. b4 axb4 28. axb4 Rc4 29. Ne3 Rxb4 30. Nxf5 exf5 31. Kf1 Rb2 32. Rdd1 Ra8 33. Ra1 Raa2 34. Rxa2 Rxa2 35. Rb1 Ra5 36. Ke2 f6 37. h4 Kf7 38. Rb2 g5 39. h5 Ke6 40. Kd3 Kd6 41. f4 g4 42. Kc2 Kc6 43. Kb3 Ra1 44. Re2 Kd6 45. Re8 Rb1+ 46. Kc2 Rh1 47. Rd8+ Ke6 48. Rb8 Rxh5 49. Rxb5 Rh3 50. Rb6+ Kf7 51. Rd6 Rxg3 52. Rxd5 Ke6 53. c4 Rf3 54. Rd8 Rxf4 55. c5 Ke7 56. Rd6 g3 57. Rd5 g2 58. c6 g1=Q 59. c7 Rf2+ 60. Kb3 Qb1+ 0-1

[Event "Perth AUS Open"]
[Site "?"]
[Date "2023.01.07"]
[Round "9.21"]
[White "Hurst, Benjamin"]
[Black "Saxon, Marc"]
[Result "0-1"]
[WhiteElo "1628"]
[BlackElo "1813"]
[PlyCount "48"]
[EventDate "2023.01.??"]
[EventRounds "11"]
[EventCountry "AUS"]
[SourceVersionDate "2023.01.02"]

1. Nf3 Nf6 2. d4 g6 3. c4 Bg7 4. Nc3 d5 5. cxd5 Nxd5 6. e4 Nxc3 7. bxc3 c5 8. Bb5+ Nc6 9. d5 Qa5 10. dxc6 Qxb5 11. cxb7 Bxb7 12. Qc2 Qc4 13. Nd2 Bxc3 14. Bb2 Bxd2+ 15. Qxd2 Qxe4+ 16. Qe3 O-O 17. Qxe4 Bxe4 18. f3 Bd3 19. O-O-O c4 20. Rhe1 e6 21. Kd2 Rfd8 22. Kc3 Rd5 23. Re3 Rb8 24. Rd2 Ra5 0-1

[Event "Perth AUS Open"]
[Site "?"]
[Date "2023.01.07"]
[Round "9.22"]
[White "Rozuwiecka, Anna"]
[Black "Solomontchik, Daniel"]
[Result "1-0"]
[WhiteElo "1798"]
[BlackElo "1452"]
[PlyCount "91"]
[EventDate "2023.01.??"]
[EventRounds "11"]
[EventCountry "AUS"]
[SourceVersionDate "2023.01.02"]

1. d4 Nf6 2. Bg5 Ne4 3. Bf4 c5 4. d5 Qb6 5. Bc1 g6 6. f3 Nd6 7. e4 Bg7 8. Nc3 f5 9. Bd2 O-O 10. exf5 Nxf5 11. Bd3 e6 12. Nge2 d6 13. Nf4 e5 14. Ne6 Bxe6 15. dxe6 Nc6 16. Bc4 Kh8 17. O-O Qd8 18. Nd5 a6 19. a4 Nfd4 20. a5 Rb8 21. Qc1 Nxe6 22. Rd1 Qe8 23. Nb6 Rd8 24. c3 Nf4 25. Be3 Ne7 26. g3 Nh5 27. Kg2 Nf6 28. Bb3 Qc6 29. Ba4 Qc7 30. b4 c4 31. Qc2 Nf5 32. Bf2 Rf7 33. Qe2 d5 34. g4 Ne7 35. Bg3 Nc6 36. Re1 Re7 37. Rad1 Qd6 38. Nxc4 Qe6 39. Bxc6 bxc6 40. Qxe5 Qxe5 41. Nxe5 Rde8 42. Nxc6 Rxe1 43. Rxe1 Rxe1 44. Bxe1 Kg8 45. Nb8 Kf7 46. Nxa6 1-0

[Event "Perth AUS Open"]
[Site "?"]
[Date "2023.01.07"]
[Round "9.27"]
[White "Gao, Oscar"]
[Black "Arthur, Matthew"]
[Result "1-0"]
[WhiteElo "1727"]
[BlackElo "1605"]
[PlyCount "99"]
[EventDate "2023.01.??"]
[EventRounds "11"]
[EventCountry "AUS"]
[SourceVersionDate "2023.01.02"]

1. e4 c6 2. d4 d5 3. Nd2 dxe4 4. Nxe4 Bf5 5. Ng3 Bg6 6. h4 h6 7. Nf3 Nd7 8. h5 Bh7 9. Bd3 Bxd3 10. Qxd3 e6 11. Bd2 Ngf6 12. O-O-O Qc7 13. Kb1 O-O-O 14. c4 Bd6 15. Ne4 Nxe4 16. Qxe4 Nf6 17. Qe2 c5 18. Bc3 Qe7 19. Ne5 Bxe5 20. dxe5 Nd7 21. f4 Nb6 22. b3 Rxd1+ 23. Rxd1 Rd8 24. Rd3 Qh4 25. Rxd8+ Qxd8 26. Kc2 Qh4 27. Qf3 Kc7 28. a4 Nd7 29. a5 a6 30. b4 Qe7 31. b5 f6 32. bxa6 bxa6 33. exf6 gxf6 34. Qa8 Qd6 35. Qf3 e5 36. f5 Qf8 37. Qg4 Qf7 38. Bd2 Nf8 39. Bxh6 Nh7 40. Qg7 Qxg7 41. Bxg7 Kd7 42. Kd3 Ke7 43. Ke4 Ng5+ 44. Ke3 Nh7 45. Bh6 Kd7 46. Ke4 Kc6 47. g3 Kd6 48. g4 Kc6 49. g5 fxg5 50. Kxe5 1-0

[Event "Perth AUS Open"]
[Site "?"]
[Date "2023.01.07"]
[Round "9.28"]
[White "Hardegen, Kathryn"]
[Black "Marriott, Max"]
[Result "1/2-1/2"]
[WhiteElo "1887"]
[BlackElo "1533"]
[PlyCount "62"]
[EventDate "2023.01.??"]
[EventRounds "11"]
[EventCountry "AUS"]
[SourceVersionDate "2023.01.02"]

1. d4 Nf6 2. Nf3 d5 3. c4 c6 4. Nc3 e6 5. e3 Nbd7 6. Qc2 Be7 7. b3 O-O 8. Bb2 Qc7 9. Be2 b6 10. O-O Bb7 11. Rac1 Rac8 12. Bd3 c5 13. Qe2 Qb8 14. Ne5 Rfd8 15. Nxd7 Rxd7 16. cxd5 Nxd5 17. dxc5 Bxc5 18. Nxd5 Bxd5 19. Qg4 f5 20. Qe2 Qa8 21. f4 Rcd8 22. Bb5 Bc6 23. Bxc6 Qxc6 24. Bd4 Qe4 25. Bxc5 Rd2 26. Qf3 Qxf3 27. Rxf3 bxc5 28. Rf2 Rxf2 29. Kxf2 Rd2+ 30. Kf3 Rxa2 31. Rxc5 Kf7 1/2-1/2

[Event "Perth AUS Open"]
[Site "?"]
[Date "2023.01.07"]
[Round "9.30"]
[White "Schiavone, Emmanuel"]
[Black "Taylor, Noah"]
[Result "0-1"]
[WhiteElo "1573"]
[BlackElo "1525"]
[PlyCount "56"]
[EventDate "2023.01.??"]
[EventRounds "11"]
[EventCountry "AUS"]
[SourceVersionDate "2023.01.02"]

1. e4 e5 2. Nf3 Nc6 3. Bb5 f5 4. d3 fxe4 5. dxe4 Nf6 6. O-O Bc5 7. Nc3 O-O 8. Bc4+ Kh8 9. Bg5 Be7 10. Bxf6 Bxf6 11. a4 d6 12. h3 Nd4 13. Nh2 c6 14. Ng4 Qe8 15. Ne2 Qg6 16. c3 Nxe2+ 17. Qxe2 h5 18. Nxf6 Rxf6 19. Kh1 Bd7 20. b4 Raf8 21. Rad1 Qg5 22. Rd3 Qh4 23. f3 Bxh3 24. gxh3 Qxh3+ 25. Qh2 Qxf1+ 26. Qg1 Rxf3 27. Rxf3 Qxg1+ 28. Kxg1 Rxf3 0-1

[Event "Perth AUS Open"]
[Site "?"]
[Date "2023.01.07"]
[Round "9.32"]
[White "Sheridan, Wallace"]
[Black "Deng, Eric"]
[Result "1-0"]
[WhiteElo "1461"]
[BlackElo "1544"]
[PlyCount "111"]
[EventDate "2023.01.??"]
[EventRounds "11"]
[EventCountry "AUS"]
[SourceVersionDate "2023.01.02"]

1. d4 d5 2. Nf3 Nf6 3. e3 c5 4. c3 Bf5 5. dxc5 e6 6. b4 Be7 7. Bb2 O-O 8. Nbd2 a5 9. a3 b6 10. cxb6 Qxb6 11. Be2 Nbd7 12. Nh4 Bg6 13. Nxg6 hxg6 14. O-O axb4 15. cxb4 Rfc8 16. Nf3 Ne4 17. Qd4 Qxd4 18. Bxd4 Nc3 19. Bd3 Nf6 20. Rfc1 Nce4 21. Rxc8+ Rxc8 22. b5 Bc5 23. Rc1 Nd7 24. Bxe4 dxe4 25. Ne5 Nxe5 26. Rxc5 Rxc5 27. Bxc5 Nd7 28. Ba7 Kf8 29. a4 Ke7 30. a5 Kd8 31. a6 Kc7 32. Kf1 g5 33. g4 f5 34. h3 f4 35. exf4 gxf4 36. h4 e5 37. g5 g6 38. h5 gxh5 39. g6 h4 40. g7 h3 41. g8=Q f3 42. Qg3 e3 43. fxe3 f2 44. Kxf2 Kc8 45. b6 Kd8 46. Qg8+ Ke7 47. b7 h2 48. Kg2 e4 49. b8=Q Nxb8 50. Bxb8 Kd7 51. Bxh2 Ke7 52. Be5 Kd7 53. Qd5+ Ke7 54. a7 Ke8 55. Qe6+ Kd8 56. a8=Q# 1-0

[Event "Perth AUS Open"]
[Site "?"]
[Date "2023.01.07"]
[Round "9.34"]
[White "Pimenov, Alex"]
[Black "De Vas, Yonal"]
[Result "1/2-1/2"]
[WhiteElo "1800"]
[BlackElo "1558"]
[PlyCount "70"]
[EventDate "2023.01.??"]
[EventRounds "11"]
[EventCountry "AUS"]
[SourceVersionDate "2023.01.02"]

1. d4 d5 2. Nf3 Nf6 3. c4 dxc4 4. e3 e6 5. Bxc4 a6 6. O-O c5 7. a4 cxd4 8. Nxd4 Bd7 9. Nc3 Be7 10. e4 Nc6 11. Be3 O-O 12. f4 Bc5 13. Nc2 Qb6 14. Qe2 Bxe3+ 15. Nxe3 Nd4 16. Qf2 Bc6 17. e5 Ne4 18. Nxe4 Bxe4 19. Rfd1 Rfd8 20. Rac1 Rac8 21. Bf1 Rxc1 22. Rxc1 Nb3 23. Rd1 Rxd1 24. Nxd1 Qxf2+ 25. Kxf2 Nc5 26. Nc3 Bc6 27. Ke3 Nxa4 28. Nxa4 Bxa4 29. Kd4 Bc6 30. Kc5 Bd5 31. g3 h5 32. Bh3 g6 33. b4 Kg7 34. Kd6 Kf8 35. Bf1 Ke8 1/2-1/2

[Event "Perth AUS Open"]
[Site "?"]
[Date "2023.01.07"]
[Round "9.35"]
[White "Lawes, Alexander"]
[Black "Stewart, Clint"]
[Result "1-0"]
[WhiteElo "1407"]
[BlackElo "1799"]
[PlyCount "37"]
[EventDate "2023.01.??"]
[EventRounds "11"]
[EventCountry "AUS"]
[SourceVersionDate "2023.01.02"]

1. e4 c5 2. d4 cxd4 3. c3 d3 4. Bxd3 Nc6 5. Nf3 d6 6. O-O g6 7. Be3 Bg7 8. h3 Nf6 9. Qd2 O-O 10. Bh6 Qb6 11. Bxg7 Kxg7 12. Na3 Be6 13. Ng5 d5 14. Nxe6+ fxe6 15. Rfe1 Ne5 16. exd5 Nxd3 17. Qxd3 Rad8 18. c4 Qxb2 19. Rab1 1-0

[Event "Perth AUS Open"]
[Site "?"]
[Date "2023.01.07"]
[Round "9.36"]
[White "Dagza, Ben"]
[Black "Rafiei Darani, Daryoush"]
[Result "0-1"]
[WhiteElo "1726"]
[BlackElo "1504"]
[PlyCount "77"]
[EventDate "2023.01.??"]
[EventRounds "11"]
[EventCountry "AUS"]
[SourceVersionDate "2023.01.02"]

1. d4 Nf6 2. e3 g6 3. h3 Bg7 4. g4 d6 5. Bg2 Nbd7 6. Ne2 e5 7. c3 O-O 8. Ng3 Nb6 9. O-O c6 10. a4 a5 11. b4 Nfd5 12. Ba3 axb4 13. Bxb4 Nc4 14. Nd2 Nxd2 15. Qxd2 Nb6 16. Qc2 Re8 17. a5 Nc4 18. a6 Qh4 19. Rfb1 Nxe3 20. fxe3 Qxg3 21. Bxd6 Qxe3+ 22. Kh1 exd4 23. Re1 Qxe1+ 24. Rxe1 Rxe1+ 25. Kh2 Rxa6 26. cxd4 Bxd4 27. Qd2 Bg1+ 28. Kg3 Re8 29. Qb2 Ra5 30. h4 Rb5 31. Qa1 Be3 32. Bf3 Bh6 33. Qa8 Bd7 34. Qa2 Be6 35. Qc2 Rb3 36. Kg2 Bg7 37. Bxc6 bxc6 38. Qxc6 Rc8 39. Bc7 0-1

[Event "Perth AUS Open"]
[Site "?"]
[Date "2023.01.07"]
[Round "9.37"]
[White "McAteer, Ian"]
[Black "Chen, Angus"]
[Result "1-0"]
[WhiteElo "1605"]
[BlackElo "1394"]
[PlyCount "97"]
[EventDate "2023.01.??"]
[EventRounds "11"]
[EventCountry "AUS"]
[SourceVersionDate "2023.01.02"]

1. e4 e5 2. Nc3 Nc6 3. f4 exf4 4. Nf3 g5 5. h4 g4 6. Ng1 h5 7. d4 Bh6 8. Nge2 f3 9. Nf4 fxg2 10. Bxg2 Bxf4 11. Bxf4 Qf6 12. Nd5 Qxd4 13. Qxd4 Nxd4 14. Kd2 Ne6 15. Bxc7 b6 16. e5 Rh6 17. Rae1 a5 18. Nf6+ Nxf6 19. Bxa8 Nxc7 20. exf6+ Kf8 21. Be4 Rxf6 22. Rhf1 Rd6+ 23. Kc1 Ne6 24. Rd1 Nd4 25. c3 Ne2+ 26. Kc2 Rxd1 27. Rxd1 Ng3 28. Kd3 Ba6+ 29. Ke3 f5 30. Bg2 Bb5 31. Kf4 Ne4 32. Bxe4 fxe4 33. Kxe4 Bc6+ 34. Kf4 Kf7 35. Rd6 Kg7 36. b3 Kh7 37. a4 Kg7 38. Rd4 Kf6 39. Rd3 Kg6 40. Rd6+ Kg7 41. b4 axb4 42. cxb4 Bxa4 43. Rxb6 Bc6 44. Ra6 Kf7 45. Ra5 Kg6 46. b5 Bd5 47. b6 Bc6 48. Ra7 d5 49. b7 1-0

[Event "Perth AUS Open"]
[Site "?"]
[Date "2023.01.07"]
[Round "9.38"]
[White "Umasankar, Naveen Ramnat"]
[Black "Rice, Lauren"]
[Result "1/2-1/2"]
[WhiteElo "1573"]
[BlackElo "1594"]
[PlyCount "106"]
[EventDate "2023.01.??"]
[EventRounds "11"]
[EventCountry "AUS"]
[SourceVersionDate "2023.01.02"]

1. e4 c5 2. d4 cxd4 3. c3 dxc3 4. Nxc3 g6 5. Nf3 Bg7 6. Bc4 d6 7. O-O Nd7 8. Qd5 e6 9. Qxd6 Ne7 10. Bg5 h6 11. Bh4 g5 12. Bg3 a6 13. Rad1 O-O 14. Bb3 Ng6 15. e5 g4 16. Nd4 Ndxe5 17. Qc5 Bd7 18. Rfe1 Rc8 19. Qd6 Bc6 20. Qb4 Qg5 21. Nxc6 Nxc6 22. Qxb7 Nge5 23. Ne4 Qg6 24. Qxa6 h5 25. Nd6 Ra8 26. Qe2 h4 27. Bxe5 Nxe5 28. Qe4 f5 29. Nxf5 Rxf5 30. Qxa8+ Rf8 31. Rxe5 Bxe5 32. Qc6 Bxb2 33. Qxe6+ Kh7 34. Rd7+ Bg7 35. Qxg6+ Kxg6 36. g3 h3 37. Bd1 Re8 38. Kf1 Bc3 39. Be2 Kg5 40. Rd3 Be5 41. Re3 Kf5 42. Bd3+ Kf6 43. Re4 Rc8 44. Rc4 Rd8 45. Ke2 Bd4 46. a4 Ke5 47. a5 Rf8 48. Rc2 Rxf2+ 49. Kd1 Rg2 50. a6 Rg1+ 51. Kd2 Rh1 52. Ra2 Rxh2+ 53. Be2 Ba7 1/2-1/2

[Event "Perth AUS Open"]
[Site "?"]
[Date "2023.01.07"]
[Round "9.39"]
[White "Ong, Celine"]
[Black "Roebuck, Derek"]
[Result "1-0"]
[WhiteElo "1376"]
[BlackElo "1592"]
[PlyCount "71"]
[EventDate "2023.01.??"]
[EventRounds "11"]
[EventCountry "AUS"]
[SourceVersionDate "2023.01.02"]

1. e4 e5 2. Nf3 Nc6 3. Nc3 Nf6 4. d4 exd4 5. Nxd4 Nxe4 6. Nxc6 Nxc3 7. Nxd8 Nxd1 8. Nxf7 Kxf7 9. Bc4+ Kf6 10. Kxd1 c6 11. h4 d5 12. Bg5+ Kf7 13. Bd3 Bd6 14. Re1 Bd7 15. a3 a6 16. c4 h6 17. Be3 Rhe8 18. cxd5 cxd5 19. Kd2 Rac8 20. h5 Kf8 21. Bg6 Re7 22. Rac1 Rxc1 23. Rxc1 Bc6 24. g3 Rc7 25. Bb6 Rc8 26. Rc3 Be5 27. Rf3+ Bf6 28. Bd4 Kg8 29. Bxf6 gxf6 30. Rxf6 Rf8 31. Rxf8+ Kxf8 32. Kd3 Ke7 33. Kd4 Kd6 34. f4 b6 35. g4 Ke7 36. g5 1-0

[Event "Perth AUS Open"]
[Site "?"]
[Date "2023.01.07"]
[Round "9.41"]
[White "Cadag, Herbert"]
[Black "Andador, Dominador"]
[Result "0-1"]
[WhiteElo "1557"]
[BlackElo "1886"]
[PlyCount "94"]
[EventDate "2023.01.??"]
[EventRounds "11"]
[EventCountry "AUS"]
[SourceVersionDate "2023.01.02"]

1. c4 e5 2. e4 Bc5 3. d3 Nc6 4. Nf3 d6 5. h3 f5 6. Bg5 Nf6 7. Nc3 h6 8. Bh4 g5 9. Bg3 f4 10. Bh2 Be6 11. a3 a6 12. Be2 Qd7 13. Nd5 Qg7 14. b4 Ba7 15. b5 axb5 16. cxb5 Bxd5 17. exd5 Ne7 18. Nd2 Nexd5 19. Ne4 Bd4 20. Nxf6+ Qxf6 21. Bh5+ Kd8 22. O-O Nc3 23. Qb3 Ra5 24. Rac1 Rxb5 25. Qc2 Rc5 26. Qd2 Ke7 27. Kh1 Ra8 28. Bf3 c6 29. Rfe1 Rxa3 30. Ra1 Rca5 31. Rxa3 Rxa3 32. Qc2 Qe6 33. Qc1 Ra2 34. Bg4 Qf6 35. f3 Qf7 36. h4 Kd8 37. Bg1 Ne2 38. Rxe2 Rxe2 39. Bxd4 exd4 40. Qb1 Kc7 41. Qb4 Qd5 42. h5 Ra2 43. Qb1 Ra3 44. Qe1 Qe5 45. Qc1 Qa5 46. Qb2 Qe1+ 47. Kh2 Ra1 0-1

[Event "Perth AUS Open"]
[Site "?"]
[Date "2023.01.07"]
[Round "9.42"]
[White "Wolstencroft, Alan"]
[Black "Yu Leiming"]
[Result "1-0"]
[WhiteElo "1702"]
[BlackElo "1511"]
[PlyCount "59"]
[EventDate "2023.01.??"]
[EventRounds "11"]
[EventCountry "AUS"]
[SourceVersionDate "2023.01.02"]

1. e4 c6 2. d4 d5 3. Nc3 dxe4 4. Nxe4 Bf5 5. Ng3 Bg6 6. Nf3 e6 7. h4 h6 8. h5 Bh7 9. Bd3 Bxd3 10. Qxd3 Nf6 11. Bd2 Qb6 12. O-O-O Ng4 13. Rhf1 Qc7 14. Rde1 Nxf2 15. Rxf2 Qxg3 16. Rfe2 Qg4 17. d5 cxd5 18. Qxd5 Nc6 19. Qb5 O-O-O 20. Ne5 Qxh5 21. Nxc6 Rd5 22. Nxa7+ Kb8 23. Nc6+ Kc7 24. Bf4+ Bd6 25. Bxd6+ Kxd6 26. Qxb7 Qg5+ 27. Kb1 Qg4 28. a3 Rc5 29. Ne5 Qa4 30. Nxf7# 1-0

[Event "Perth AUS Open"]
[Site "?"]
[Date "2023.01.07"]
[Round "9.43"]
[White "Gunawan, Marco"]
[Black "Shen, Fiona"]
[Result "0-1"]
[WhiteElo "1507"]
[BlackElo "1625"]
[PlyCount "52"]
[EventDate "2023.01.??"]
[EventRounds "11"]
[EventCountry "AUS"]
[SourceVersionDate "2023.01.02"]

1. c4 e6 2. Nc3 d5 3. cxd5 exd5 4. d4 Nf6 5. Nf3 c6 6. Bg5 Be7 7. e3 Bf5 8. Bd3 Bxd3 9. Qxd3 O-O 10. Bxf6 Bxf6 11. g4 Na6 12. O-O-O Rc8 13. h4 c5 14. g5 Nb4 15. Qf5 Be7 16. h5 cxd4 17. Rxd4 Nxa2+ 18. Kd2 Bb4 19. Rxb4 Nxb4 20. Ne5 d4 21. Ke2 dxc3 22. g6 Qd2+ 23. Kf1 Qd5 24. e4 fxg6 25. Qxf8+ Kxf8 26. exd5 c2 0-1

[Event "Perth AUS Open"]
[Site "?"]
[Date "2023.01.07"]
[Round "9.44"]
[White "Wolffs, Walter"]
[Black "Allison, Brian C"]
[Result "0-1"]
[WhiteElo "1383"]
[BlackElo "1624"]
[PlyCount "68"]
[EventDate "2023.01.??"]
[EventRounds "11"]
[EventCountry "AUS"]
[SourceVersionDate "2023.01.02"]

1. g3 f5 2. d4 e6 3. Bd2 Nf6 4. Nc3 c6 5. Bg2 Be7 6. e4 fxe4 7. Nxe4 Qb6 8. Bc3 O-O 9. Qd3 Na6 10. a3 d5 11. Nxf6+ Bxf6 12. Nf3 Bd7 13. O-O Rae8 14. b4 Nc7 15. Ne5 Bc8 16. Bb2 Nb5 17. c4 dxc4 18. Nxc4 Qd8 19. Rad1 Nc7 20. Be4 g6 21. h4 b5 22. Ne3 Nd5 23. Ng4 Bg7 24. h5 Qg5 25. Bf3 gxh5 26. Bc1 Qf5 27. Nh6+ Bxh6 28. Bxh6 Qxf3 29. Bxf8 Rxf8 30. Qxf3 Rxf3 31. Rc1 Bd7 32. Rfe1 Rxa3 33. Re5 Nf6 34. Re3 Ra2 0-1